Statistics for 20 Spanish words in 1 minute

Click here to take the quiz!

General Stats

  • This quiz has been taken 32 times
  • The average score is 18 of 20

Answer Stats

HintAnswer% Correct
HiHola
100%
AmigoFriend
96%
CasaHouse
96%
NocheNight
96%
DogPerro
96%
QuesoCheese
93%
LibroBook
89%
CatGato
89%
SombreroHat
89%
HombreMan
89%
LecheMilk
89%
MujerWomen
89%
ByeAdios
85%
ComidaFood
85%
CarneMeat
85%
GirlNina
85%
NinoBoy
81%
CafeCoffe
81%
QueWhat
81%
Por Que?Why
78%

Score Distribution

Percentile by Number Answered

Percent of People with Each Score

Your Score History

You have not taken this quiz